000 00272nam a2200109Ia 4500
008 200302s9999 xx 000 0 und d
100 _aPercy Brown
245 _aIndian Architecture Islamic Period
260 _bCBS Publishers & Distributors
260 _c2014
300 _a134
999 _c3668
_d3668